000 00352nam a2200145Ia 4500
008 150201s2009 xx 000 0 und d
082 _a617.525
_bO2009L
100 _aLASKIN, DANIAL
245 _aORAL & MAXILLOFACIAL SURGERY V-1
250 _a1ST
260 _bAITBS
_aDELHI
_c2009
300 _a1-736
650 _aORAL SURGERY
942 _2ddc
_cBK
_013
999 _c4513
_d4513